Music Quiz

Random Music or Lyrics Quiz

My Chemical Romance Lyrics - S/C/A/R/E/C/R/O/W Quiz Stats

 Plays Quiz not verified by Sporcle

Also try: Which Wilbury?
Challenge
Share
Tweet
Embed
Score 0/137 Timer 10:00
0 Plays Today
% Correct
the
93.1%
the
93.1%
a
93.1%
the
93.1%
a
93.1%
and
93.1%
the
93.1%
a
93.1%
the
93.1%
the
93.1%
a
93.1%
the
93.1%
the
93.1%
your
89.7%
when
89.7%
Everybody
89.7%
your
89.7%
from
89.7%
scarecrow
89.7%
Everybody
89.7%
when
89.7%
your
89.7%
when
89.7%
your
89.7%
when
89.7%
your
89.7%
you
89.7%
you
89.7%
your
89.7%
you
89.7%
body
87.9%
dies
87.9%
hide
87.9%
body
87.9%
hide
87.9%
dies
87.9%
to
87.9%
to
87.9%
sunlight
86.2%
in
86.2%
in
86.2%
tonight
84.5%
keep
84.5%
safe
84.5%
keep
84.5%
safe
84.5%
% Correct
tonight,
84.5%
tonight
84.5%
keep
84.5%
safe
84.5%
tonight
84.5%
my
82.8%
she
81%
skin
81%
Move
79.3%
childhood
79.3%
We're
79.3%
all
79.3%
I'll
79.3%
I'm
79.3%
I'll
79.3%
We're
79.3%
all
79.3%
Make
77.6%
Hear
77.6%
eyes
77.6%
eyes
77.6%
love
77.6%
Love,
77.6%
love,
77.6%
Love
77.6%
Love
77.6%
Love
77.6%
knock,
75.9%
knock,
75.9%
knock
75.9%
alone
75.9%
wish
74.1%
cries
74.1%
shape
74.1%
black
72.4%
flies
72.4%
about
72.4%
bird
70.7%
yeah,
69%
yeah
69%
close
67.2%
burns
67.2%
Run,
65.5%
run,
65.5%
run
65.5%
Run,
65.5%
% Correct
run,
65.5%
run
65.5%
breath
63.8%
inside
63.8%
Hold
62.1%
Count
62.1%
bunny,
62.1%
bunny,
62.1%
Blow
60.3%
kiss
60.3%
this
60.3%
this
60.3%
this
60.3%
seventeen
58.6%
Nevermind
58.6%
skies
55.2%
won't
55.2%
stop
55.2%
won't
55.2%
stop
55.2%
won't
55.2%
stop
55.2%
methane
53.4%
playground
53.4%
at
51.7%
See
50%
bomb,
50%
bomb
50%
bomb,
50%
bomb
50%
bomb
50%
where
48.3%
lies
48.3%
it
48.3%
where
48.3%
through
44.8%
fallout
44.8%
Heat
43.1%
tearstain
39.7%
dries
37.9%
Leave
34.5%
dream
34.5%
Watch
34.5%
grow
29.3%
rust
25.9%

You're not logged in!

Compare scores with friends on all Sporcle quizzes.
Join for Free
OR
Log In

You Might Also Like...

Show Comments

Extras

Top Quizzes Today


Score Distribution

Your Account Isn't Verified!

In order to create a playlist on Sporcle, you need to verify the email address you used during registration. Go to your Sporcle Settings to finish the process.

Report this User

Report this user for behavior that violates our Community Guidelines.

Details: